000
00323nam a2200133Ia 4500
008
240614s9999 xx 000 0 und d
041
_a
eng
100
_a
Dhumal, K. N. & Others
_9
206947
245
_a
Environment Studies
250
_a
3rd
260
_b
Nirali
_c
2022
_a
Pune
300
_a
R.2
650
_a
Geography
_9
206948
999
_c
358270
_d
358270